Coutries bordering Russia - Sudden death - Statistics

General Stats
  • This quiz has been taken 54 times
  • The average score is 4 of 7
Answers on the Grid
Answers color-coded by a green-red scale on the quiz's grid according to % correct below.
Slovakia
Armenia
Georgia
Iran
Sweden
Norway
Moldova
Bulgaria
Turkey
Uzbekistan
Kazakhstan
North Korea
South Korea
Poland
Estonia
Finland
 
Answer Stats
Answer % Correct
Finland
65%
North Korea
65%
Kazakhstan
56%
Poland
56%
Georgia
53%
Estonia
47%
Norway
47%
No matching quizzes found
Score Distribution
Percent of People with Each Score
Percentile by Number Answered
Your Score History
You have not taken this quiz